Quantitavie techiques for Dcision Making (Record no. 774)

MARC details
000 -LEADER
fixed length control field 00418nam a22001697a 4500
005 - DATE AND TIME OF LATEST TRANSACTION
control field 20160513151855.0
008 - FIXED-LENGTH DATA ELEMENTS--GENERAL INFORMATION
fixed length control field 160513b xxu||||| |||| 00| 0 eng d
020 ## - INTERNATIONAL STANDARD BOOK NUMBER
ISBN 978-81-203-2956-0
041 ## - LANGUAGE CODE
Language code of text/sound track or separate title eng
082 ## - DEWEY DECIMAL CLASSIFICATION NUMBER
Item number 2121
100 ## - MAIN ENTRY--AUTHOR NAME
Personal name M.P. Gupta R.B. Khana
245 ## - TITLE STATEMENT
Title Quantitavie techiques for Dcision Making
260 ## - PUBLICATION, DISTRIBUTION, ETC. (IMPRINT)
Place of publication New Delhi
Name of publisher PHI,
Year of publication 2007
300 ## - PHYSICAL DESCRIPTION
Number of Pages 588
650 ## - SUBJECT ADDED ENTRY--TOPICAL TERM
Topical Term Management
942 ## - ADDED ENTRY ELEMENTS (KOHA)
Koha item type Books
Holdings
Lost status Damaged status Collection code Home library Current library Shelving location Date acquired Cost, normal purchase price Full call number Accession Number Koha item type
    MANAGEMENT JRU Library JRU Library SHELF-63-K 13/05/2016 350.00 2121 2121 Books
    MANAGEMENT JRU Library JRU Library SHELF-63-K 13/05/2016 350.00 2121 2122 Books